[Event "Rostock SSC op 16th"]
[Site "Rostock"]
[Date "2017.07.26"]
[Round "1"]
[White "Hilbig, Dieter"]
[Black "Sack, Reinhard"]
[Result "1-0"]
[WhiteElo "2015"]
[BlackElo "1661"]
[PlyCount "81"]
[EventDate "2017.07.26"]
[EventType "swiss"]
[EventRounds "7"]
[EventCountry "GER"]
[SourceTitle "EXT 2018"]
[Source "ChessBase"]
[SourceDate "2017.10.13"]
[SourceVersion "1"]
[SourceVersionDate "2017.10.13"]
[SourceQuality "1"]

1. e4 b6 2. Nf3 Bb7 3. Nc3 e6 4. d4 Bb4 5. Bd3 d5 6. e5 c5 7. a3 cxd4 8. Bb5+ Bc6 9. Nxd4 Bxc3+ 10. bxc3 Bxb5 11. Nxb5 Qd7 12. Nd6+ Kf8 13. a4 Nc6 14. Ba3 Nge7 15. f4 g6 16. h4 h5 17. Qd3 Kg7 18. c4 Nf5 19. cxd5 exd5 20. Qxd5 Ne3 21. Nf5+ Qxf5 22. Qxc6 Rac8 23. Qf6+ Qxf6 24. exf6+ Kh6 25. Kf2 Ng4+ 26. Kf1 Rxc2 27. Rh3 Rf2+ 28. Kg1 Rc8 29. Rd1 Rxf4 30. Bc1 g5 31. hxg5+ Kxg5 32. g3 Nxf6 33. Bxf4+ Kg4 34. Rh4+ Kf3 35. Rf1+ Ke2 36. Rh2+ Kd3 37. Rd2+ Ke4 38. Re2+ Kd3 39. Re3+ Kd2 40. Re8+ Kc2 41. Rxc8+ 1-0

[Event "Rostock SSC op 13th"]
[Site "Rostock"]
[Date "2014.07.26"]
[Round "6"]
[White "Uffelmann, Hans Georg"]
[Black "Sack, Reinhard"]
[Result "1-0"]
[WhiteElo "2035"]
[BlackElo "1707"]
[PlyCount "115"]
[EventDate "2014.07.23"]
[EventType "swiss"]
[EventRounds "7"]
[EventCountry "GER"]
[SourceTitle "EXT 2018"]
[Source "ChessBase"]
[SourceDate "2017.10.13"]
[SourceVersion "1"]
[SourceVersionDate "2017.10.13"]
[SourceQuality "1"]

1. g3 e5 2. Bg2 Nf6 3. c4 Be7 4. Nc3 0-0 5. Nf3 d6 6. 0-0 c6 7. e4 Bg4 8. h3 Be6 9. d3 Nfd7 10. g4 a6 11. Ne2 b5 12. b3 c5 13. Ng3 Nc6 14. Be3 b4 15. Nf5 a5 16. Qd2 Nd4 17. Bxd4 cxd4 18. Nxe7+ Qxe7 19. Ng5 Nc5 20. Nf3 Ra6 21. Ne1 Bd7 22. f4 f6 23. f5 Rb8 24. Nc2 Be8 25. Rab1 Nd7 26. h4 Nc5 27. Rf3 Ra7 28. Rg3 Qf8 29. Bf3 g6 30. g5 Kh8 31. Rf1 Rg7 32. Bg4 Rbb7 33. fxg6 Rxg6 34. Bh5 Rgg7 35. Bxe8 Qxe8 36. Rxf6 Qe7 37. Ne1 Kg8 38. Qf2 Qe8 39. Rgf3 Rbf7 40. Rxd6 Rxf3 41. Qxf3 Qe7 42. Rf6 Nd7 43. Rf5 h6 44. Qh5 Nf6 45. Qxh6 Ng4 46. Qb6 Qa7 47. Qd8+ Kh7 48. h5 Qe7 49. g6+ Kh6 50. Qh8+ Rh7 51. Qxh7+ Qxh7 52. gxh7 Kxh7 53. Nf3 Ne3 54. Rxe5 Nd1 55. Rxa5 Nb2 56. e5 Nxd3 57. e6 Nf4 58. e7 1-0

[Event "Rostock SSC op 13th"]
[Site "Rostock"]
[Date "2014.07.24"]
[Round "3"]
[White "Sack, Reinhard"]
[Black "Orthmann, Ralf"]
[Result "1-0"]
[WhiteElo "1707"]
[BlackElo "1028"]
[PlyCount "43"]
[EventDate "2014.07.23"]
[EventType "swiss"]
[EventRounds "7"]
[EventCountry "GER"]
[SourceTitle "EXT 2018"]
[Source "ChessBase"]
[SourceDate "2017.10.13"]
[SourceVersion "1"]
[SourceVersionDate "2017.10.13"]
[SourceQuality "1"]

1. d4 d5 2. c4 c6 3. cxd5 cxd5 4. Nc3 Nf6 5. Bf4 Nc6 6. Nf3 Bf5 7. e3 a6 8. Bd3 Bxd3 9. Qxd3 e6 10. 0-0 Be7 11. a3 0-0 12. Ng5 h6 13. Nf3 b5 14. Rac1 Na5 15. Nd2 Qb6 16. Ne2 Rfc8 17. Be5 Nc4 18. Nxc4 bxc4 19. Qc2 Nd7 20. Bg3 Nf6 21. f3 Rab8 22. Bxb8 1-0

[Event "Mecklenburg VP LL2 Ost 1112"]
[Site "Mecklenburg VP"]
[Date "2012.01.15"]
[Round "5.8"]
[White "Mauser, Tassilo Tino"]
[Black "Sack, Reinhard"]
[Result "1-0"]
[WhiteElo "1515"]
[BlackElo "1479"]
[PlyCount "125"]
[EventDate "2011.10.02"]
[EventType "team-tourn"]
[EventRounds "9"]
[EventCountry "GER"]
[SourceTitle "EXT 2022"]
[Source "ChessBase"]
[SourceDate "2021.10.06"]
[SourceVersion "1"]
[SourceVersionDate "2021.10.06"]
[SourceQuality "1"]
[WhiteTeam "Gryps SV"]
[BlackTeam "Warnemuende SF Ostsee II"]
[WhiteTeamCountry "GER"]
[BlackTeamCountry "GER"]

1. e4 b6 2. d4 Bb7 3. Bd3 Nf6 4. Nc3 e6 5. Qe2 Bb4 6. f3 Nh5 7. Qf2 0-0 8. Nge2 c5 9. Be3 d6 10. g4 cxd4 11. Bxd4 Nf6 12. 0-0-0 Nc6 13. Be3 Nd7 14. Na4 Bc5 15. Nxc5 bxc5 16. h4 Nde5 17. c3 Qa5 18. a3 c4 19. Bb1 d5 20. exd5 exd5 21. Nd4 g6 22. h5 Qc7 23. Rh3 Na5 24. Qh4 Nd3+ 25. Bxd3 cxd3 26. Bh6 Rfe8 27. Qf6 Qe5 28. Qxe5 Rxe5 29. f4 Re4 30. Rhxd3 Rae8 31. Rf3 Bc8 32. Rg3 Ba6 33. Rg2 Bc4 34. Rgg1 Ba2 35. hxg6 fxg6 36. f5 Nb3+ 37. Nxb3 Bxb3 38. Rdf1 Re2 39. fxg6 hxg6 40. Bd2 Rh2 41. Re1 Rf8 42. Ref1 Rc8 43. Rf4 Re8 44. Rb4 Bc4 45. b3 Bd3 46. Rd4 Be4 47. Re1 Rc8 48. Kb2 Rg2 49. g5 Rf2 50. a4 Kf7 51. Ka3 Rb8 52. Rc1 Ke6 53. c4 Rh8 54. cxd5+ Bxd5 55. Re1+ Kd6 56. Bb4+ Kc6 57. Rc1+ Kb7 58. Rxd5 Rhh2 59. Rd7+ Kb6 60. Bc5+ Kc6 61. Rd6+ Kc7 62. Bxf2+ Kxd6 63. Bg3+ 1-0

[Event "Mecklenburg VP LL2 0506"]
[Site "Mecklenburg VP"]
[Date "2006.03.12"]
[Round "8.5"]
[White "Sack, Reinhard"]
[Black "Schmidt, Robert"]
[Result "1/2-1/2"]
[WhiteElo "1633"]
[BlackElo "2213"]
[PlyCount "43"]
[EventDate "2005.10.23"]
[EventType "team"]
[EventRounds "9"]
[EventCountry "GER"]
[SourceTitle "EXT 2009"]
[Source "ChessBase"]
[SourceDate "2008.11.26"]
[SourceVersion "1"]
[SourceVersionDate "2008.11.26"]
[SourceQuality "1"]
[WhiteTeam "Warnemuende SF Ostsee II"]
[BlackTeam "Malchow Schachinsel"]
[WhiteTeamCountry "GER"]
[BlackTeamCountry "GER"]

1. d4 Nf6 2. c4 e6 3. Nc3 d5 4. cxd5 exd5 5. Nf3 c6 6. Bg5 Be7 7. e3 Bg4 8. Be2 0-0 9. 0-0 Nbd7 10. Nh4 Bxe2 11. Qxe2 h6 12. Bxf6 Nxf6 13. Nf3 Bd6 14. h3 Re8 15. Qc2 Ne4 16. Nxe4 dxe4 17. Nd2 Qe7 18. Nc4 Kh8 19. Qe2 Rad8 20. Rad1 Bc7 21. b3 Qg5 22. Kh1 1/2-1/2

[Event "Mecklenburg VP LL2 0506"]
[Site "Mecklenburg VP"]
[Date "2005.10.23"]
[Round "1.6"]
[White "Schreiber, Nico"]
[Black "Sack, Reinhard"]
[Result "1/2-1/2"]
[WhiteElo "1537"]
[BlackElo "1633"]
[PlyCount "42"]
[EventDate "2005.10.23"]
[EventType "team"]
[EventRounds "9"]
[EventCountry "GER"]
[SourceTitle "EXT 2009"]
[Source "ChessBase"]
[SourceDate "2008.11.26"]
[SourceVersion "1"]
[SourceVersionDate "2008.11.26"]
[SourceQuality "1"]
[WhiteTeam "Wismar II"]
[BlackTeam "Warnemuende SF Ostsee II"]
[WhiteTeamCountry "GER"]
[BlackTeamCountry "GER"]

1. d4 Nf6 2. Nf3 g6 3. c3 Bg7 4. h3 d5 5. Bf4 Bf5 6. Nbd2 Nbd7 7. e3 c6 8. Nh4 Be6 9. Bd3 Qb6 10. Qc2 c5 11. 0-0 Rc8 12. Qb3 0-0 13. Qxb6 Nxb6 14. dxc5 Rxc5 15. Nb3 Rcc8 16. Be5 Na4 17. Rab1 Ne8 18. Bxg7 Kxg7 19. Bb5 Nc5 20. Nd4 Bd7 21. Bxd7 Nxd7 1/2-1/2

[Event "Mecklenburg VP LL2 West 0405"]
[Site "Mecklenburg VP"]
[Date "2005.04.24"]
[Round "9.7"]
[White "Sack, Reinhard"]
[Black "Lueth, Jochen"]
[Result "0-1"]
[WhiteElo "1685"]
[BlackElo "1685"]
[PlyCount "64"]
[EventDate "2004.10.24"]
[EventType "team-tourn"]
[EventRounds "9"]
[EventCountry "GER"]
[SourceTitle "EXT 2016"]
[Source "ChessBase"]
[SourceDate "2015.10.08"]
[SourceVersion "1"]
[SourceVersionDate "2015.10.08"]
[SourceQuality "1"]
[WhiteTeam "Warnemuende SF Ostsee II"]
[BlackTeam "Rostock Uni II"]
[WhiteTeamCountry "GER"]
[BlackTeamCountry "GER"]

1. d4 Nf6 2. c4 e6 3. Nc3 b6 4. Nf3 Bb7 5. e3 Ne4 6. Be2 Nxc3 7. bxc3 Qf6 8. 0-0 Bd6 9. Qc2 c5 10. Bb2 g5 11. e4 g4 12. e5 Qg7 13. Nd2 Be7 14. f4 h5 15. f5 Qg5 16. Bc1 g3 17. Ne4 gxh2+ 18. Kxh2 Qh4+ 19. Kg1 Bxe4 20. Qd2 Rg8 21. Bf3 exf5 22. Qh6 Bxf3 23. Rxf3 Qg4 24. Rf2 Nc6 25. d5 Nxe5 26. Bf4 Bg5 27. Bxg5 Qxg5 28. Qd6 Qe7 29. Qh6 0-0-0 30. Re1 Nf3+ 31. Rxf3 Qxe1+ 32. Rf1 Qe4 0-1

[Event "Mecklenburg VP LL2 West 0405"]
[Site "Mecklenburg VP"]
[Date "2004.11.14"]
[Round "2.5"]
[White "Pamperin, Gerhard"]
[Black "Sack, Reinhard"]
[Result "0-1"]
[WhiteElo "1857"]
[BlackElo "1685"]
[PlyCount "38"]
[EventDate "2004.10.24"]
[EventType "team-tourn"]
[EventRounds "9"]
[EventCountry "GER"]
[SourceTitle "EXT 2016"]
[Source "ChessBase"]
[SourceDate "2015.10.08"]
[SourceVersion "1"]
[SourceVersionDate "2015.10.08"]
[SourceQuality "1"]
[WhiteTeam "Neukloster"]
[BlackTeam "Warnemuende SF Ostsee II"]
[WhiteTeamCountry "GER"]
[BlackTeamCountry "GER"]

1. d4 Nf6 2. c4 d5 3. Nc3 Nc6 4. Nf3 Bg4 5. e3 e6 6. cxd5 Nxd5 7. Be2 Bb4 8. Bd2 Nxc3 9. bxc3 Be7 10. Qa4 0-0 11. 0-0 a6 12. c4 Bf6 13. Rab1 Rb8 14. c5 Bf5 15. Rbd1 Qe7 16. Bc1 Rfd8 17. Ba3 Qe8 18. Bb2 Ne7 19. Nd2 Qxa4 0-1

[Event "Mecklenburg VP LL2 Ost 0001"]
[Site "Mecklenburg VP"]
[Date "2001.04.01"]
[Round "8.5"]
[White "Sack, Reinhard"]
[Black "Augstein, Joerg"]
[Result "0-1"]
[WhiteElo "1672"]
[BlackElo "1818"]
[PlyCount "66"]
[EventDate "2000.10.15"]
[EventType "team-tourn"]
[EventRounds "9"]
[EventCountry "GER"]
[SourceTitle "EXT 2016"]
[Source "ChessBase"]
[SourceDate "2015.10.08"]
[SourceVersion "1"]
[SourceVersionDate "2015.10.08"]
[SourceQuality "1"]
[WhiteTeam "Warnemuende SF Ostsee II"]
[BlackTeam "Torgelow Greif"]
[WhiteTeamCountry "GER"]
[BlackTeamCountry "GER"]

1. d4 d5 2. c4 e5 3. dxe5 d4 4. e3 Bb4+ 5. Bd2 dxe3 6. fxe3 Qh4+ 7. g3 Qe4 8. Qf3 Bxd2+ 9. Kxd2 Qxe5 10. Nc3 Nf6 11. Qf4 Qc5 12. a3 Nc6 13. Nf3 0-0 14. Bd3 Rd8 15. b4 Qf5 16. Qxf5 Bxf5 17. Ne1 Ne5 18. Nd5 Bxd3 19. Nxd3 Nxd3 20. Kxd3 c6 21. e4 cxd5 22. cxd5 Re8 23. Rae1 Ng4 24. Re2 Ne5+ 25. Kd4 Rac8 26. Ra1 Rc4+ 27. Ke3 Rc3+ 28. Kf2 Ng4+ 29. Kg2 f5 30. Rae1 fxe4 31. Rxe4 Ne3+ 32. Kf3 Nxd5+ 33. Kg4 Nf6+ 0-1

[Event "Mecklenburg VP LL2 Ost 0001"]
[Site "Mecklenburg VP"]
[Date "2001.01.07"]
[Round "4.5"]
[White "Sack, Reinhard"]
[Black "Lang, Christian"]
[Result "1-0"]
[WhiteElo "1672"]
[BlackElo "1169"]
[PlyCount "97"]
[EventDate "2000.10.15"]
[EventType "team-tourn"]
[EventRounds "9"]
[EventCountry "GER"]
[SourceTitle "EXT 2016"]
[Source "ChessBase"]
[SourceDate "2015.10.08"]
[SourceVersion "1"]
[SourceVersionDate "2015.10.08"]
[SourceQuality "1"]
[WhiteTeam "Warnemuende SF Ostsee II"]
[BlackTeam "Guestrow Post II"]
[WhiteTeamCountry "GER"]
[BlackTeamCountry "GER"]

1. d4 d5 2. c4 c6 3. e3 e6 4. Nf3 Nf6 5. Nc3 Nbd7 6. Bd2 Be7 7. cxd5 exd5 8. Bd3 0-0 9. 0-0 Nb6 10. Qc2 h6 11. Ne5 Bd6 12. f4 Nfd7 13. Ne2 Nxe5 14. fxe5 Bc7 15. Ng3 Qe7 16. Rac1 Be6 17. a3 Nd7 18. Bb4 c5 19. Bxc5 Nxc5 20. Qxc5 Qxc5 21. Rxc5 Bb6 22. Rc2 g6 23. Ne2 Kg7 24. Nf4 a5 25. Rcf2 Rae8 26. Bxg6 Kg8 27. Bh5 Rd8 28. Nxe6 fxe6 29. Bf7+ Kg7 30. Bxe6 Rxf2 31. Rxf2 a4 32. Rf7+ Kg6 33. Rf6+ Kg7 34. Bxd5 Bxd4 35. exd4 Rxd5 36. Rd6 Rxd6 37. exd6 Kf7 38. Kf2 Ke6 39. Ke3 Kxd6 40. Ke4 b5 41. g4 Ke6 42. h4 Kd6 43. g5 hxg5 44. hxg5 Ke6 45. g6 Kf6 46. Kd5 Kxg6 47. Kc6 Kf6 48. d5 Ke7 49. Kc7 1-0

[Event "Mecklenburg VP LL2 Ost 0001"]
[Site "Mecklenburg VP"]
[Date "2000.12.10"]
[Round "3.5"]
[White "Spiegel, Matthias"]
[Black "Sack, Reinhard"]
[Result "1/2-1/2"]
[WhiteElo "1499"]
[BlackElo "1672"]
[PlyCount "156"]
[EventDate "2000.10.15"]
[EventType "team-tourn"]
[EventRounds "9"]
[EventCountry "GER"]
[SourceTitle "EXT 2016"]
[Source "ChessBase"]
[SourceDate "2015.10.08"]
[SourceVersion "1"]
[SourceVersionDate "2015.10.08"]
[SourceQuality "1"]
[WhiteTeam "Neubrandenburg SV Turbine"]
[BlackTeam "Warnemuende SF Ostsee II"]
[WhiteTeamCountry "GER"]
[BlackTeamCountry "GER"]

1. b4 b6 2. Bb2 Bb7 3. e3 e6 4. Nf3 Nf6 5. b5 d5 6. Be2 c5 7. c4 Be7 8. 0-0 0-0 9. d4 Nbd7 10. a4 Rc8 11. dxc5 Nxc5 12. Ne5 dxc4 13. Bxc4 Qxd1 14. Rxd1 Rfd8 15. Nd2 Nd5 16. Ndf3 f6 17. Nd3 Kf7 18. a5 Nxd3 19. Bxd3 Nb4 20. Ne1 Nxd3 21. Rxd3 bxa5 22. Rxa5 Bc5 23. Rxd8 Rxd8 24. Bd4 Bxd4 25. exd4 Rxd4 26. Rxa7 Rd7 27. b6 Ke7 28. f3 Kd6 29. Ra2 Bd5 30. Rb2 Rb7 31. Nd3 Bc4 32. Nf4 Kc5 33. Kf2 g6 34. h4 Rxb6 35. Rd2 Rd6 36. Rb2 e5 37. Nh3 Rb6 38. Rd2 Bd5 39. Ng1 Ra6 40. Ne2 Ra2 41. Rxa2 Bxa2 42. Nc3 Bc4 43. Nd1 Kd4 44. Ne3 Bb3 45. Ng4 f5 46. Nf6 h6 47. g4 fxg4 48. Nxg4 h5 49. Ne3 Kd3 50. Nf1 Be6 51. Ne3 Bf5 52. Nd5 Kd2 53. Ne3 Be6 54. Nf1+ Kd3 55. Ne3 e4 56. fxe4 Kxe4 57. Ng2 Bh3 58. Ne1 Kf4 59. Nf3 Bc8 60. Nh2 Bb7 61. Nf1 Kg4 62. Ng3 Kxh4 63. Ne2 Kg4 64. Nd4 h4 65. Nc2 g5 66. Ne3+ Kf4 67. Nf1 g4 68. Kg1 g3 69. Nd2 h3 70. Nf1 Kg4 71. Ne3+ Kf3 72. Ng2 Ke4 73. Ne1 h2+ 74. Kh1 Bc8 75. Nf3 Bh3 76. Nxh2 g2+ 77. Kg1 Ke3 78. Ng4+ Ke2 1/2-1/2

[Event "Mecklenburg VP LL2 Ost 0001"]
[Site "Mecklenburg VP"]
[Date "2000.11.12"]
[Round "2.4"]
[White "Hochgraefe, Hans Juergen"]
[Black "Sack, Reinhard"]
[Result "1-0"]
[WhiteElo "1960"]
[BlackElo "1672"]
[PlyCount "135"]
[EventDate "2000.10.15"]
[EventType "team-tourn"]
[EventRounds "9"]
[EventCountry "GER"]
[SourceTitle "EXT 2016"]
[Source "ChessBase"]
[SourceDate "2015.10.08"]
[SourceVersion "1"]
[SourceVersionDate "2015.10.08"]
[SourceQuality "1"]
[WhiteTeam "Rostock PSV II"]
[BlackTeam "Warnemuende SF Ostsee II"]
[WhiteTeamCountry "GER"]
[BlackTeamCountry "GER"]

1. d4 g6 2. Nf3 Nf6 3. Bg5 Bg7 4. Nbd2 d5 5. e3 0-0 6. c3 Bg4 7. Bd3 Nbd7 8. h3 Bxf3 9. Nxf3 c5 10. 0-0 c4 11. Bc2 Re8 12. Ne5 Ne4 13. Bxe4 Nxe5 14. Bc2 Nc6 15. e4 dxe4 16. Bxe4 Qc7 17. Re1 e6 18. Qf3 Rac8 19. Rad1 b5 20. Bf4 Qb6 21. d5 Ne5 22. Bxe5 Bxe5 23. Bxg6 fxg6 24. Rxe5 Rf8 25. Qe3 Qxe3 26. Rxe3 exd5 27. Rxd5 Rb8 28. Re7 Rfd8 29. Rdd7 Rxd7 30. Rxd7 a6 31. Kf1 b4 32. cxb4 Rxb4 33. Rd2 Kf7 34. Ke2 a5 35. Ke3 a4 36. a3 Rb3+ 37. Kd4 c3 38. bxc3 Rxa3 39. Kc4 h5 40. Rc2 Ke6 41. Kb4 Ra1 42. h4 Rg1 43. g3 Ra1 44. c4 a3 45. c5 Kd7 46. c6+ Kc7 47. Kb3 a2 48. Kb2 Rb1+ 49. Kxa2 Rb5 50. Rc3 g5 51. hxg5 Rxg5 52. Kb3 Rf5 53. f3 Rd5 54. Kc2 Rd4 55. Rd3 Ra4 56. Kd2 h4 57. g4 h3 58. Rd7+ Kxc6 59. Rh7 Ra2+ 60. Ke3 h2 61. Kf4 Rg2 62. g5 Kd6 63. Kf5 Rf2 64. f4 Ra2 65. g6 Ra8 66. g7 h1Q 67. Rxh1 Ke7 68. Rh8 1-0

[Event "Mecklenburg VP-ch HT"]
[Site "Diedrichshagen"]
[Date "1998.04.11"]
[Round "8.12"]
[White "Bigalke, Steffen"]
[Black "Sack, Reinhard"]
[Result "1-0"]
[WhiteElo "1767"]
[BlackElo "1679"]
[PlyCount "95"]
[EventDate "1998.04.08"]
[EventType "swiss"]
[EventRounds "9"]
[EventCountry "GER"]
[SourceTitle "EXT 2022"]
[Source "ChessBase"]
[SourceDate "2021.10.06"]
[SourceVersion "1"]
[SourceVersionDate "2021.10.06"]
[SourceQuality "1"]

1. d3 d5 2. e4 dxe4 3. dxe4 Qxd1+ 4. Kxd1 g6 5. Be3 Bg7 6. c3 Nf6 7. f3 0-0 8. Bc4 Nc6 9. Nd2 Ne5 10. Kc2 Nxc4 11. Nxc4 b6 12. Ne2 Ba6 13. b3 c5 14. Rhd1 Rfd8 15. a4 Rd7 16. a5 Rxd1 17. Rxd1 b5 18. Nb2 c4 19. bxc4 bxc4 20. Nd4 Rc8 21. Ne2 Ra8 22. Nf4 Bb5 23. Nd5 Nxd5 24. Rxd5 a6 25. Rc5 Bf8 26. Rc7 e6 27. Bc5 Bh6 28. Bd6 Rd8 29. e5 f6 30. Nxc4 fxe5 31. Bxe5 Bxc4 32. Rxc4 Rd2+ 33. Kb3 Rxg2 34. Rc6 Rf2 35. Rxa6 Rxf3 36. Ra8+ Kf7 37. a6 Be3 38. a7 Bxa7 39. Rxa7+ Kf8 40. Rxh7 Rf7 41. Rxf7+ Kxf7 42. c4 Ke7 43. c5 Kd7 44. Kc4 Kc6 45. h4 Kb7 46. Kb5 Kc8 47. Kc6 Kd8 48. Kb7 1-0